Paroles de La Blanche Hermine - Statistiques

Statistiques générales
  • Ce quiz a été pris 185 fois
  • Le résultat moyen est 302 sur 417
Statistiques - réponses
Paroles % Correct
la
100%
La
100%
100%
Blanche
96%
Hermine
95%
à
93%
t
93%
de
91%
De
91%
et
90%
Et
90%
Ma
89%
ma
89%
voilà
89%
voila
89%
ce
84%
que
84%
vive
84%
je
83%
Je
83%
me
81%
Nous
79%
avec
78%
78%
vous
78%
en
77%
vos
77%
fusils
75%
guerre
75%
mon
75%
camarades
73%
chargés
73%
des
73%
allez
72%
Clisson
72%
mouette
72%
notre
70%
pour
70%
Une
70%
devant
69%
Elle
69%
elle
69%
matin
69%
paysans
69%
armée
68%
c'est
68%
Fougères
68%
longtemps
68%
rejoindre
68%
viens
68%
champ
67%
haie
67%
folie
65%
dit
64%
faire
64%
l'ajonc
64%
marins
64%
mouette
64%
troupe
64%
dis
63%
d'ouvriers
63%
embuscades
63%
J'ai
63%
plus
62%
d'aller
60%
d'être
60%
d'etre
60%
mie
60%
les
59%
rencontré
59%
enchainé
58%
aux
57%
D'avoir
51%
enfants
51%
Mais
51%
préféré
51%
m'en
49%
terre
49%
car
48%
Francs
48%
bien
47%
pardonner
47%
tendrons
47%
aura
46%
l'amour
46%
peine
46%
qu'elle
46%
si
46%
vais
46%
élever
43%
donnait
42%
se
42%
noir
41%
pourra
41%
femmes
36%
noire
36%
durera
35%
nuit
35%
suis
35%
Comme
33%
meurs
33%
tant
33%
triste
33%
m'attendra
32%
seul
32%
maison
31%
voir
30%
coeur
28%
déraison
28%
seule
28%
serre
27%
viendrai
26%
bas
23%
pense
23%
sans
21%
doute
17%
Aucun quiz correspondant
Distribution des résultats
% des personnes avec chaque résultat
Percentile par nombre de réponses
Votre historique - résultats
Vous n’avez pas pris ce quiz